Normal view
MARC view
Entry Personal Name
001 - CONTROL NUMBER
- control field: 23889
003 - CONTROL NUMBER IDENTIFIER
- control field: ARRUPE
005 - DATE AND TIME OF LATEST TRANSACTION
- control field: 20160415102415.0
008 - FIXED-LENGTH DATA ELEMENTS
- fixed length control field: 160415|| aca||aabn | a|a d
040 ## - CATALOGING SOURCE
- Original cataloging agency: ARRUPE
- Transcribing agency: ARRUPE
100 ## - HEADING--PERSONAL NAME
- Personal name: Kerr, Fergus.
670 ## - SOURCE DATA FOUND
- Source citation: Work cat.: (ARRUPE)0: Kerr, Fergus., Work on oneself :, c2008.